| 000 | 01232nam a2200265Ia 4500 | ||
|---|---|---|---|
| 999 |
_c41267 _d41267 |
||
| 001 | 7920 | ||
| 003 | GE_BSU | ||
| 005 | 20220930145558.0 | ||
| 008 | 181216sru 2012xx |||||||||||||| ||rus|| | ||
| 020 | _a9785756706710 | ||
| 040 | _cGE_BSU | ||
| 041 | _arus | ||
| 080 | _a327.1(075.8) И-90 | ||
| 245 |
_aИстория международных отношений Т.1. От вестфальского мира до окончания Первой мировой воины : _bОт вестфальского мира до окончания Первой мировой воины / _cА.В. Ревякин, Н.Ю. Васильева, Ред.Ревякин А.В. |
||
| 264 |
_aМосква : _bАспект Пресс, _c2012. |
||
| 300 |
_a340 стр.: _c24 см. |
||
| 653 | _aИстория международных отношений Т.1 | ||
| 653 | _aОт вестфальского мира до окончания Первой мировой воины | ||
| 653 | _aПолитика | ||
| 653 | _aპოლიტიკა | ||
| 700 |
_aРевякин,А.В. _914933 |
||
| 700 |
_aВасильева,Н.Ю. _914934 |
||
| 700 |
_aРевякин, А.В. _eრედაქტორი _914935 |
||
| 942 |
_cBK _2udc |
||